MARC

Tag First Indicator Second Indicator Subfields
LEADER 00000cam a2200000 4500
001 in00000013328
005 20240205113304.0
008 750616s1960 nyua 000 0 eng c
010 |a  60012577  
016 7 |a 002869282  |2 Uk 
019 |a 2679505  |a 732644766  |a 752448103 
029 1 |a AU@  |b 000006958271 
029 1 |a NZ1  |b 7711551 
029 1 |a UKMGB  |b 002869282 
035 |a (OCoLC)ocm01394756  
035 |a (OCoLC)1394756  |z (OCoLC)2679505  |z (OCoLC)732644766  |z (OCoLC)752448103 
035 |a (OCoLC)ocm01394756  
040 |a ORL  |b eng  |c ORL  |d OCLCQ  |d MTG  |d SYB  |d GZW  |d OCLCF  |d OCLCQ  |d OCLCO  |d TXBXL  |d OG#  |d UKMGB  |d OCL  |d OCLCQ  |d OCLCO 
050 0 4 |a PS536  |b .G6 
082 0 |a 820.82 
110 2 |a Good Housekeeping. 
245 1 4 |a The Good housekeeping treasury,  |c selected from the complete files, by Donald Elder and the editors of Good housekeeping. 
260 |a [New York]  |b Simon and Schuster,  |c 1960. 
300 |a 638 pages  |b illustrations  |c 26 cm 
336 |a text  |b txt  |2 rdacontent 
337 |a unmediated  |b n  |2 rdamedia 
338 |a volume  |b nc  |2 rdacarrier 
340 |m 8vo.  |2 rdabf 
505 0 |a The Fortunes of Caesar / Joseph C. Lincoln -- Mrs. Dugan's Discovery / Ellis Parker Butler -- Bernard Shaw: Vegetarian / Leonard Henslowe -- A Husband's Confession / "Tristis" -- The Legend of Christmas Rose / Selma Lagerlöf -- My Week without Food / Maria Middlebury -- The Dangers of Sexual Hygiene / Havelock Ellis -- The Woman of the Future / Edward Marshall -- Two Voices / Ella Wheeler Wilcox -- The Hairy Sand Wasp / J.-Henri Fabre -- The Philosopher / Sara Teasdale -- Togo Assists in a Great Diamond Robbery / Wallace Irwin -- Eucharis Amazonica / Amy Lowell -- The Elfin Artist / Alfred Noyes -- The Real Diary of a Real Boy / Henry A. Shute -- "Speaking of Dr. Wiley ..." / WIlliam Mac Harg -- A Page from My Autobiography / Harvey WIley, M.D. -- The Past / Ellen Glasgow -- The Wonderful Story / I.A.R. Wylie -- The Princess and the Nightingale / W. Somerset Maugham -- All Night Long Somebody Walks in the Corn / Katherine Holland Brown -- One Fair Daughter / Ben Ames Williams -- The Garden Naturalist / Herbert Ravenel Sass -- Prayer for a Very New Angel / Violet Alleyn Storey -- The Last of the Titans: Mme Schumann-Heink as told to Mary Lawton -- Homecoming / Ruth Suckow -- The Open Door / Grace Coolidge -- The White House Gang / Earle Looker -- Mamma / Ring Lardner -- The Diamond Ring / Julia Peterkin -- Cabbages and Kings / Irvin S. Cobb -- The Hills of Heaven / Wilbur Daniel Steele -- Stage Child / Minnie Maddern Fiske -- The Governess / Nelia Gardner White -- The Foghorn / Gertrude Atherton -- Sanctuary / Mary Roberts Rinehart -- My Aunt Lavinia / James Hilton -- Cockles for Tea / Eric Knight -- The Brood / Howard Fast -- What Our Children Teach Us / Catherine Drinker Bowen -- Letters from a Young Man / Christopher Morley -- The Man Who Waites / Ketti Frings -- The Blazing Star / Mac Kinlay Kantor -- What! No Husband? / Hildegarde Dolson -- The Man Who Cheated Time / Sinclair Lewis -- Meet Miss Bo / Margaret Lee Runbeck -- I Don't Know WHy I'm Telling You All This / Katherine Brush -- Why You Don't / Isabel Scott Rorick -- I Have to Tell You Something / Philip Wylie -- What Son Tells Everything? / Libbie Block -- Tableau at Twilight / Ogden Nash -- The Packed Suitcase / Manuel Komroff -- Time on Her Hands / F. Hugh Herbert -- My Seventh Assistant / Alexander Woollcott -- The Right to Criticize / Maurice Maeterlinck -- Remmeber the Day / Franklin P. Adams -- The Small Request / Mary Lavin -- The Bible / Thomas Mann -- How to Name a Dog / James Thurber -- What'll You Trade Me for an Old School Chum? / Margaret Case Harriman -- The Golden Key / James Street -- New England Spring / Edna St. Vincent Millay -- Penny Candies from Heaven / Louis Untermeyer -- A Trip to the Moon / John Cheever -- A Woman of Fifty / W. Somerset Maugham -- October Island / William March -- THe Sailor and the Seal / Rumer Godden -- The Wish / Evelyn Waugh -- Sham / Allan Seager -- The Rival / Jerome Weidman -- This Is My Street / Frank Sullivan -- Birds, Beasts, and Benchley / Nathaniel Benchley -- When a Daughter Marries / Pearl S. Buck -- My Son and the Bully / Shirley Jackson -- Delight / J.B. Priestly -- Greatly Beloved / A.A. Milne -- Never Take No for an Answer / Paul Gallico -- Sonnet / Edna St. Vincent Millay -- The Birds / Daphne Du Maurier -- Meditations While Filling a Fountain Pen / Phyllis Mc Ginley -- The Year There Was No Christmas / B.J. Chute -- Write Me a Poem, Baby / H. Allen Smith -- Love is a Science / Max Shulman -- Translations from the English / Robert Paul Smith -- Babes in Arms / Phyllis Mc Ginley -- The Shining Thing / Sidney Carroll -- The Trip that Abraham Lincoln Promised Mary / Irving Stone -- The Day the Worlds Collided / Elizabeth Janeway -- Driving Home / Margery Sharp -- Your Daughter Really Ought to Be an Actress, Darling! -- The Triumph of Acceptance / Agnes Sligh Turnbull -- Who Cares? / Santha Rama Rau -- Immortality / J.P. Marquand -- A Square Foot of Texas / Jack Ritchie -- Through Darkest Middle Age with Failing Memory / Robert Paul Smith -- Favorite Recipes from Good Housekeeping / The Good Housekeeping Institute -- Looking Backward in Good Housekeeping. 
650 0 |a American literature  |y 20th century. 
650 0 |a English literature  |y 20th century. 
650 1 |a English literature  |y 20th century. 
650 6 |a Littérature américaine  |y 20e siècle. 
650 6 |a Littérature anglaise  |y 20e siècle. 
650 7 |a American literature.  |2 fast  |0 (OCoLC)fst00807113 
650 7 |a English literature.  |2 fast  |0 (OCoLC)fst00911989 
648 7 |a 1900-1999  |2 fast 
655 4 |a Periodical publications.- Springfield, Massachusetts. 
700 1 |a Elder, Donald,  |e editor. 
776 0 8 |i Online version:  |a Good Housekeeping.  |t Good housekeeping treasury.  |d [New York] Simon and Schuster, 1960  |w (OCoLC)988579538 
948 |h HELD BY TXA - 204 OTHER HOLDINGS 
994 |a Z0  |b TXA 
999 f f |s 9557dc65-22f5-3362-aecd-596a7e009028  |i 1a800ea1-8bfd-3907-a195-8d3771101c09  |t 0 
952 f f |p noncirc  |a Texas A&M University  |b College Station  |c Cushing Memorial Library & Archives  |d Cushing: Dykes (Does not check out)  |t 0  |e PS536 .G6 1960  |h Library of Congress classification  |i unmediated -- volume  |m A14853230823 
998 f f |a PS536 .G6 1960  |t 0  |l Cushing: Dykes (Does not check out)